[Event "XXII Weekend A"]
[Site "Robecchetto con Induno ITA"]
[Date "2011.12.29"]
[Round "4"]
[White "Guzzetti, Luigi Enrico"]
[Black "Curtacci, Sergio"]
[WhiteElo "1928"]
[BlackElo "2026"]
[Result "1/2-1/2"]
[PlyCount "88"]
[EventDate "2011.12.27"]

1. e4 c5 2. Nf3 Nc6 3. d4 cxd4 4. Nxd4 g6 5. Nc3 Bg7 6. Be3 Nf6 7. Be2 O-O 8.
O-O d5 9. exd5 Nb4 10. Bf3 Nbxd5 11. Nxd5 Nxd5 12. Bxd5 Qxd5 13. c3 e5 14. Qb3
Qxb3 15. Nxb3 b6 16. Rfd1 Be6 17. Rd6 Rfe8 18. Rad1 Bf8 19. R6d2 f5 20. f3 Be7
21. g3 Red8 22. Nc1 Rxd2 23. Rxd2 Rc8 24. a3 Kf7 25. Nd3 Bf6 26. Nb4 Rc7 27.
Kf2 g5 28. Kg2 Bc4 29. Nd5 Bxd5 30. Rxd5 Ke6 31. Rd1 b5 32. Kf1 a6 33. Ke2 h5
34. h3 Rg7 35. Bc5 Rd7 36. Rxd7 Kxd7 37. Kd3 Kc6 38. Bf2 Kd5 39. b3 e4+ 40.
fxe4+ fxe4+ 41. Kd2 Be7 42. a4 Bd6 43. axb5 axb5 44. g4 hxg4 1/2-1/2

[Event "XXII Weekend A"]
[Site "Robecchetto con Induno ITA"]
[Date "2011.12.29"]
[Round "4"]
[White "Medici, Simone"]
[Black "Rambaldi, Francesco"]
[WhiteElo "2090"]
[BlackElo "2211"]
[Result "1/2-1/2"]
[PlyCount "25"]
[EventDate "2011.12.27"]

1. Nf3 Nf6 2. d4 d5 3. c4 e6 4. e3 Be7 5. Bd3 O-O 6. O-O b6 7. b3 Bb7 8. Bb2
Nbd7 9. Nbd2 Ne4 10. Rc1 f5 11. Qe2 Bd6 12. Rc2 Qe7 13. Rfc1 1/2-1/2

[Event "XXII Weekend A"]
[Site "Robecchetto con Induno ITA"]
[Date "2011.12.29"]
[Round "4"]
[White "Moroni, Luca jr"]
[Black "Coppola, Federico"]
[WhiteElo "2030"]
[BlackElo "1858"]
[Result "1-0"]
[PlyCount "127"]
[EventDate "2011.12.27"]

1. e4 c5 2. Nf3 d6 3. d4 cxd4 4. Nxd4 Nf6 5. Nc3 g6 6. Bc4 Bg7 7. f3 Nc6 8. Be3
O-O 9. Qd2 Bd7 10. O-O-O Rb8 11. Bb3 Na5 12. Bh6 b5 13. Bxg7 Kxg7 14. h4 e5 15.
Nde2 b4 16. Nd5 Nxb3+ 17. cxb3 Nxd5 18. Qxd5 Rb6 19. Kb1 Ra6 20. Nc1 Be6 21.
Qb5 Rb6 22. Qd3 d5 23. Qd2 d4 24. Nd3 Qd6 25. h5 Rb7 26. hxg6 fxg6 27. Qg5 Re7
28. Qxe5+ Qxe5 29. Nxe5 Bxb3 30. axb3 Rxe5 31. Rxd4 h5 32. Rxb4 Rg5 33. Rh2 Kf6
34. Rc4 Ke5 35. Rc5+ Kf6 36. Rc2 Ke5 37. Rh1 Kf4 38. Rd1 h4 39. Rd7 a5 40. Rdd2
Rb8 41. Ka2 Rg3 42. Rd6 Rb5 43. Rf6+ Ke3 44. Rc3+ Kf2 45. Rc2+ Ke3 46. Ka3 Rbg5
47. f4 R5g4 48. e5 Rxg2 49. e6 Rxc2 50. e7 Rc8 51. Rf8 Rxf4 52. Rxc8 Re4 53.
e8=Q Rxe8 54. Rxe8+ Kf4 55. Rh8 g5 56. Ka4 Kg3 57. Kxa5 g4 58. b4 h3 59. b5 Kg2
60. b6 h2 61. b7 h1=Q 62. Rxh1 Kxh1 63. b8=Q g3 64. b4 1-0

[Event "XXII Weekend A"]
[Site "Robecchetto con Induno ITA"]
[Date "2011.12.29"]
[Round "4"]
[White "Piazza, Angelo"]
[Black "Cocconcelli, Lorenzo"]
[WhiteElo "1972"]
[BlackElo "1900"]
[Result "1/2-1/2"]
[PlyCount "155"]
[EventDate "2011.12.27"]

1. Nf3 d5 2. b3 c5 3. e3 Nf6 4. Bb2 g6 5. Bb5+ Bd7 6. Bxd7+ Nbxd7 7. Nc3 e6 8.
O-O Bg7 9. Ne2 O-O 10. Rc1 Rc8 11. c4 b6 12. Qc2 Ne4 13. Bxg7 Kxg7 14. d3 Nd6
15. cxd5 exd5 16. Nf4 Nf6 17. Qb2 Kg8 18. h4 h5 19. g3 Qe7 20. Qe5 Qxe5 21.
Nxe5 Rfe8 22. Nf3 Rc7 23. Rc2 Rec8 24. Rfc1 Nde8 25. Nd2 Nd6 26. a4 a5 27. Kg2
Rd8 28. Nb1 Rdc8 29. Nc3 d4 30. Ncd5 Nxd5 31. Nxd5 Rb7 32. exd4 Rcb8 33. Nxb6
cxd4 34. Nc4 Nxc4 35. Rxc4 Rxb3 36. Rxd4 R8b4 37. Rd8+ Kg7 38. Ra1 Rb2 39. Rd5
Rd2 40. Kf3 Rbb2 41. Rf1 Rb4 42. Ke3 Ra2 43. Rxa5 Raxa4 44. Rxa4 Rxa4 45. Re1
Kf6 46. Kf3 Ra3 47. Re3 Rb3 48. d4 Rb5 49. Ke4 Ke6 50. Kd3+ Kd6 51. Rf3 Ke6 52.
Kc4 Rb1 53. d5+ Ke7 54. Kd4 Rd1+ 55. Rd3 Ra1 56. Ke4 Kd6 57. Kf4 f6 58. Rb3
Ra4+ 59. Ke3 Kxd5 60. Rb6 Ra3+ 61. Kf4 Ra4+ 62. Kf3 Ke5 63. Kg2 Ra2 64. Rb8 Ke6
65. Rb4 Rc2 66. Rf4 Ra2 67. Kh3 Ra3 68. Re4+ Kf7 69. Re2 Rd3 70. Kg2 Rd4 71. f3
Rd5 72. Re3 Rd2+ 73. Kh3 Rd1 74. g4 Rd5 75. Kg3 Rc5 76. Ra3 hxg4 77. Ra7+ Ke6
78. Ra6+ 1/2-1/2

[Event "XXII Weekend A"]
[Site "Robecchetto con Induno ITA"]
[Date "2011.12.29"]
[Round "4"]
[White "Raselli, Claudio"]
[Black "Faraoni, Enrico"]
[WhiteElo "1895"]
[BlackElo "2109"]
[Result "0-1"]
[PlyCount "96"]
[EventDate "2011.12.27"]

1. e4 c5 2. Nf3 Nc6 3. Bb5 g6 4. O-O Bg7 5. c3 Nf6 6. Re1 O-O 7. d4 cxd4 8.
cxd4 d5 9. exd5 Nxd5 10. Nc3 Bg4 11. h3 Bxf3 12. Qxf3 Nxd4 13. Qxd5 Qxd5 14.
Nxd5 Nxb5 15. Nxe7+ Kh8 16. Be3 Rfd8 17. Rad1 Bf6 18. Nd5 Bxb2 19. Bg5 Rd7 20.
Re2 Bg7 21. Rde1 h6 22. Re8+ Rxe8 23. Rxe8+ Kh7 24. Nf6+ Bxf6 25. Bxf6 g5 26.
a4 Nc7 27. Rb8 Ne6 28. a5 Kg6 29. Bc3 h5 30. g4 hxg4 31. hxg4 f6 32. Rg8+ Kf7
33. Rh8 Kg7 34. Re8 Nf4 35. Kh2 Kf7 36. Re4 Kg6 37. Bd4 a6 38. Be3 Rh7+ 39. Kg1
Nd5 40. Bd2 Re7 41. Rxe7 Nxe7 42. f4 gxf4 43. Bxf4 Nd5 44. Bd2 b5 45. axb6 Nxb6
46. Kf2 Nc4 47. Bc1 a5 48. Ke2 Ne5 0-1

[Event "XXII Weekend A"]
[Site "Robecchetto con Induno ITA"]
[Date "2011.12.29"]
[Round "4"]
[White "Razzano, Lorenzo"]
[Black "Sibille, Ettore"]
[WhiteElo "1964"]
[BlackElo "2042"]
[Result "1/2-1/2"]
[PlyCount "43"]
[EventDate "2011.12.27"]

1. e4 c5 2. Nf3 g6 3. d4 cxd4 4. Nxd4 Bg7 5. Nc3 Nc6 6. Be3 Nf6 7. Bc4 Qa5 8.
O-O O-O 9. Bb3 d6 10. h3 Bd7 11. Re1 Rac8 12. Nf3 h6 13. Qd2 Qh5 14. Qe2 g5 15.
Nh2 Qg6 16. f3 Nh5 17. Rad1 Nf4 18. Qd2 Be5 19. Nd5 b6 20. Bxf4 gxf4 21. Kh1
Qg5 22. c3 1/2-1/2

[Event "XXII Weekend A"]
[Site "Robecchetto con Induno ITA"]
[Date "2011.12.29"]
[Round "4"]
[White "Siclari, Giovanni"]
[Black "Ranfagni, Stefano"]
[WhiteElo "1934"]
[BlackElo "1998"]
[Result "0-1"]
[PlyCount "54"]
[EventDate "2011.12.27"]

1. d4 e6 2. c4 f5 3. g3 Nf6 4. Bg2 c6 5. Nf3 d5 6. O-O Bd6 7. b3 Qe7 8. Bb2 O-O
9. Nbd2 Bd7 10. Ne5 Be8 11. Qc2 Nbd7 12. f3 Bh5 13. Rae1 Rac8 14. e4 fxe4 15.
fxe4 Nxe5 16. dxe5 Bc5+ 17. Kh1 Ng4 18. exd5 Nf2+ 19. Rxf2 Rxf2 20. Bh3 Bf3+
21. Nxf3 Rxc2 22. Bxe6+ Qxe6 23. dxe6 Rxb2 24. Ng5 h6 25. Ne4 Bb4 26. Rd1 Re8
27. Rd6 Re2 0-1

[Event "XXII Weekend A"]
[Site "Robecchetto con Induno ITA"]
[Date "2011.12.29"]
[Round "5"]
[White "Barlocco, Carlo"]
[Black "Guzzetti, Luigi Enrico"]
[WhiteElo "2102"]
[BlackElo "1928"]
[Result "1/2-1/2"]
[PlyCount "107"]
[EventDate "2011.12.27"]

1. Nf3 Nf6 2. e3 g6 3. b4 Bg7 4. Bb2 O-O 5. c4 d6 6. d4 Nbd7 7. Be2 c6 8. O-O
Re8 9. Nc3 Qc7 10. Qb3 e5 11. Rac1 Nb6 12. c5 dxc5 13. bxc5 Nbd7 14. Bc4 Re7
15. Ng5 Nf8 16. dxe5 Ng4 17. Nf3 Nxe5 18. Nxe5 Bxe5 19. f4 Bg7 20. e4 Ne6 21.
Bxe6 Bxe6 22. Qb4 a5 23. Qa3 Bc4 24. Rf3 Rd8 25. e5 b5 26. cxb6 Qxb6+ 27. Kh1
Rb7 28. Na4 Qb4 29. h3 Qxa3 30. Bxa3 Bxa2 31. Bd6 Bf8 32. Nc5 Rb2 33. Ne4 Bxd6
34. exd6 f5 35. Nc3 Rxd6 36. Nxa2 Rxa2 37. Rfc3 Rdd2 38. Rxc6 Rd7 39. Ra6 Kg7
40. g4 fxg4 41. hxg4 Ra4 42. g5 Rxf4 43. Rxa5 Rf5 44. Rcc5 Rf2 45. Kg1 Rb2 46.
Rd5 Rf7 47. Rab5 Rbf2 48. Rd7 h6 49. Rxf7+ Rxf7 50. gxh6+ Kxh6 51. Kg2 Rf5 52.
Rxf5 gxf5 53. Kf3 Kg5 54. Kg3 1/2-1/2

[Event "XXII Weekend A"]
[Site "Robecchetto con Induno ITA"]
[Date "2011.12.29"]
[Round "5"]
[White "Baroni, Alessandro"]
[Black "Bargeri, Ludovico"]
[WhiteElo "1932"]
[BlackElo "1909"]
[Result "1/2-1/2"]
[PlyCount "157"]
[EventDate "2011.12.27"]

1. e4 e6 2. d4 d5 3. exd5 exd5 4. Bd3 Nc6 5. c3 Bd6 6. Nf3 Bg4 7. Be3 Nge7 8.
Nbd2 Qd7 9. Qc2 O-O-O 10. O-O-O Kb8 11. Rde1 f6 12. h3 Bf5 13. Bxf5 Nxf5 14. g4
Nxe3 15. fxe3 Ne7 16. Rhf1 h5 17. Rg1 h4 18. e4 Bg3 19. Ref1 Ng6 20. Nb3 Nf4
21. Rh1 dxe4 22. Nc5 Qb5 23. c4 Nd3+ 24. Nxd3 exd3 25. Qxd3 Qa4 26. a3 Rhe8 27.
Rd1 Bf4+ 28. Kb1 Re3 29. Qf1 Rxa3 30. bxa3 Qb3+ 31. Ka1 Qxa3+ 32. Kb1 Qb3+ 33.
Ka1 Rd6 34. c5 Qa3+ 35. Kb1 Qb3+ 36. Ka1 Ra6+ 37. Qxa6 Qc3+ 38. Ka2 bxa6 39.
Nxh4 Bd2 40. Rb1+ Kc8 41. Nf5 g6 42. Ne7+ Kd7 43. Nxg6 Qc2+ 44. Rb2 Qa4+ 45.
Kb1 Bc3 46. Rbh2 Qb3+ 47. Kc1 a5 48. Rc2 a4 49. Rhh2 a3 50. c6+ Ke8 51. h4 Bb2+
52. Rxb2 axb2+ 53. Rxb2 Qc3+ 54. Rc2 Qa1+ 55. Kd2 Qxd4+ 56. Kc1 Qg1+ 57. Kd2
Qxg4 58. h5 Qxh5 59. Nf4 Qh2+ 60. Ne2 f5 61. Rc4 Qd6+ 62. Ke3 Qe6+ 63. Kd3 Qd5+
64. Kc3 Qe5+ 65. Kd3 a5 66. Nc3 Kf7 67. Rd4 Ke6 68. Kc4 Qxd4+ 69. Kxd4 Kd6 70.
Nd5 Kxc6 71. Ne7+ Kb5 72. Nxf5 Kb4 73. Ne3 c5+ 74. Kd3 Kb3 75. Kd2 a4 76. Kc1
a3 77. Nc2 a2 78. Na1+ Kc3 79. Nc2 1/2-1/2

[Event "XXII Weekend A"]
[Site "Robecchetto con Induno ITA"]
[Date "2011.12.29"]
[Round "5"]
[White "Cocconcelli, Lorenzo"]
[Black "Boschetti, Claudio"]
[WhiteElo "1900"]
[BlackElo "2110"]
[Result "0-1"]
[PlyCount "130"]
[EventDate "2011.12.27"]

1. d4 Nf6 2. c4 g6 3. Nc3 Bg7 4. e4 d6 5. Bd3 c5 6. d5 e6 7. Nge2 exd5 8. cxd5
O-O 9. O-O a6 10. a4 Re8 11. h3 Nbd7 12. Bf4 Ne5 13. Bc2 Rb8 14. Rb1 Qc7 15.
Na2 b5 16. b4 c4 17. Nac3 Bd7 18. a5 Re7 19. Bh2 Rbe8 20. f3 g5 21. Qd2 h6 22.
Kh1 Ng6 23. Bg1 Nh5 24. Bd4 Be5 25. Bxe5 Rxe5 26. g4 Nhf4 27. Kh2 Qd8 28. Rbe1
Kg7 29. Nxf4 gxf4 30. Ne2 Qh4 31. Nxf4 Nxf4 32. Qxf4 Rxd5 33. exd5 Rxe1 34.
Rxe1 Qf2+ 35. Kh1 Qxe1+ 36. Kg2 Qe2+ 37. Kg3 Qxc2 38. Qxd6 Qe2 39. Qxd7 c3 40.
Qc7 c2 41. Qc3+ Kh7 42. d6 Qc4 43. Qxc4 bxc4 44. d7 c1=Q 45. d8=Q Qb1 46. Kf4
Qc1+ 47. Kg3 Qe1+ 48. Kf4 Qxb4 49. Qf6 Qd2+ 50. Kg3 Qe1+ 51. Kf4 Qd2+ 52. Kg3
Kg8 53. Qe7 Qxa5 54. Qe8+ Kg7 55. Qe4 Qc5 56. Qb1 c3 57. Qa1 a5 58. Kf4 Qd4+
59. Kg3 a4 60. Qa2 Qd6+ 61. Kh4 Qd8+ 62. Kg3 Qc7+ 63. Kh4 c2 64. Qa1+ Kh7 65.
Qc1 Qd8+ 0-1

[Event "XXII Weekend A"]
[Site "Robecchetto con Induno ITA"]
[Date "2011.12.29"]
[Round "5"]
[White "Coppola, Federico"]
[Black "Siclari, Giovanni"]
[WhiteElo "1858"]
[BlackElo "1934"]
[Result "0-1"]
[PlyCount "42"]
[EventDate "2011.12.27"]

1. e4 c5 2. Nf3 e6 3. d4 cxd4 4. Nxd4 Nc6 5. Be2 Qc7 6. Nc3 a6 7. O-O b5 8. f4
Nxd4 9. Bg4 Bc5 10. Kh1 Nf6 11. e5 Nxg4 12. Qxg4 Nf5 13. Bd2 Bb7 14. Qe2 Qc6
15. Rae1 h5 16. Ne4 Qxe4 17. Qxe4 Bxe4 18. Rxe4 h4 19. Be1 Ng3+ 20. Bxg3 hxg3
21. h3 Ke7 0-1

[Event "XXII Weekend A"]
[Site "Robecchetto con Induno ITA"]
[Date "2011.12.29"]
[Round "5"]
[White "Corti, Corrado"]
[Black "Di Chiara, Mauro"]
[WhiteElo "2002"]
[BlackElo "1980"]
[Result "1-0"]
[PlyCount "79"]
[EventDate "2011.12.27"]

1. d4 d6 2. g3 g6 3. Bg2 Bg7 4. e4 Nf6 5. Ne2 O-O 6. O-O Nc6 7. d5 Ne5 8. Nd2
c6 9. c4 Nd3 10. Qc2 Nxc1 11. Raxc1 c5 12. Rcd1 a6 13. Nc3 Bd7 14. a4 Rb8 15.
Rfe1 b5 16. axb5 axb5 17. cxb5 Bxb5 18. Nxb5 Rxb5 19. Bf1 Rb4 20. b3 Ng4 21.
Be2 Ne5 22. f4 Nd7 23. Nf3 Qb6 24. Bc4 Qb7 25. e5 Nb6 26. Re2 Nxc4 27. bxc4 Ra8
28. Rc1 Ra3 29. Qe4 dxe5 30. Nxe5 f5 31. Qg2 Rb1 32. Rxb1 Qxb1+ 33. Qf1 Qxf1+
34. Kxf1 Bxe5 35. fxe5 Kf7 36. e6+ Kf8 37. Rb2 Rc3 38. Rb8+ Kg7 39. d6 exd6 40.
e7 1-0

[Event "XXII Weekend A"]
[Site "Robecchetto con Induno ITA"]
[Date "2011.12.29"]
[Round "5"]
[White "Curtacci, Sergio"]
[Black "Giretti Kanev, Jasen"]
[WhiteElo "2026"]
[BlackElo "2199"]
[Result "1/2-1/2"]
[PlyCount "98"]
[EventDate "2011.12.27"]

1. d4 Nf6 2. Nf3 b6 3. e3 Bb7 4. Bd3 e6 5. Nbd2 c5 6. c3 Be7 7. O-O O-O 8. Qe2
Nc6 9. e4 cxd4 10. Nxd4 Ne5 11. Ba6 Bxa6 12. Qxa6 Qc7 13. Qe2 Ng6 14. N2f3 d5
15. exd5 Nxd5 16. Nxe6 Nxc3 17. Qe1 fxe6 18. Qxe6+ Kh8 19. bxc3 Rae8 20. Qg4
Qxc3 21. Be3 Bf6 22. Rac1 Qa3 23. Rc2 Qd3 24. Rd2 Qc3 25. Rfd1 Qc8 26. Qa4 Qb8
27. Rd7 Rd8 28. g3 h6 29. Rxd8 Rxd8 30. Rxd8+ Qxd8 31. Qxa7 Qd1+ 32. Kg2 Qd5
33. Bf4 Nxf4+ 34. gxf4 b5 35. Qb8+ Kh7 36. Qc8 Qe4 37. Kg3 Qg6+ 38. Qg4 Qd3 39.
Qe6 h5 40. Qe3 Qd5 41. Ng5+ Bxg5 42. fxg5 b4 43. Qf4 Kg6 44. h4 b3 45. axb3
Qxb3+ 46. f3 Kh7 47. Qe4+ g6 48. Qe7+ Kg8 49. Qf6 Kh7 1/2-1/2

[Event "XXII Weekend A"]
[Site "Robecchetto con Induno ITA"]
[Date "2011.12.29"]
[Round "5"]
[White "Faraoni, Enrico"]
[Black "Gonella, Daniele"]
[WhiteElo "2109"]
[BlackElo "2103"]
[Result "1-0"]
[PlyCount "85"]
[EventDate "2011.12.27"]

1. e4 e5 2. Bc4 Bc5 3. Qe2 Nf6 4. Nf3 Qe7 5. d3 d6 6. c3 O-O 7. h3 h6 8. Bb3
Re8 9. Nbd2 c6 10. Nf1 d5 11. g4 dxe4 12. dxe4 Nh7 13. Ng3 Be6 14. Nf5 Qf6 15.
Rg1 Bxb3 16. axb3 Nd7 17. h4 Qe6 18. b4 Bf8 19. Be3 Nb6 20. Nd2 Rec8 21. Ra5
Nd7 22. Rg3 b6 23. Ra4 Rc7 24. Kf1 Rd8 25. Kg2 Nb8 26. Ra1 Rb7 27. Rh1 Kh8 28.
g5 h5 29. Qxh5 g6 30. Qg4 Rxd2 31. Bxd2 gxf5 32. Qxf5 Qxf5 33. exf5 Rd7 34. Be3
Na6 35. h5 f6 36. g6 c5 37. Ra1 Nb8 38. bxc5 Ng5 39. cxb6 axb6 40. Ra8 Rb7 41.
Bxg5 fxg5 42. f6 Bd6 43. Rd3 1-0

[Event "XXII Weekend A"]
[Site "Robecchetto con Induno ITA"]
[Date "2011.12.29"]
[Round "5"]
[White "Grattarola, Fabio"]
[Black "Medici, Simone"]
[WhiteElo "2037"]
[BlackElo "2090"]
[Result "1/2-1/2"]
[PlyCount "108"]
[EventDate "2011.12.27"]

1. d4 Nf6 2. Nf3 d5 3. Bf4 g6 4. e3 Bg7 5. Be2 O-O 6. h3 Nbd7 7. O-O b6 8. Nbd2
c5 9. c3 Bb7 10. a4 Nh5 11. Bh2 Nhf6 12. a5 c4 13. b4 b5 14. Ne5 a6 15. f4 Ne4
16. Nxe4 dxe4 17. Nxd7 Qxd7 18. Qe1 Qd5 19. Qg3 f6 20. h4 Rae8 21. h5 g5 22.
fxg5 Qxg5 23. Qxg5 fxg5 24. Rxf8+ Rxf8 25. Bg4 Bc8 26. Bxc8 Rxc8 27. Rf1 Rf8
28. Rxf8+ Kxf8 29. Kf2 Kf7 30. Bc7 Ke6 31. Kg3 Kf5 32. Bb8 g4 33. Bf4 e6 34.
Kf2 Bf8 35. Ke2 g3 36. Bxg3 Kg4 37. Bf4 Kxh5 38. Kf2 Kg4 39. Ke2 Be7 40. Kf2 h5
41. Ke2 Bh4 42. Kf1 Bg3 43. Bh6 Bh4 44. Bf8 Bg5 45. Kf2 Bh4+ 46. Kf1 Bg3 47.
Ke2 Bc7 48. Kf2 h4 49. Be7 Bg3+ 50. Ke2 Kf5 51. Kf1 Kg6 52. Ke2 Kf7 53. Bg5 Kg6
54. Be7 Kf7 1/2-1/2

[Event "XXII Weekend A"]
[Site "Robecchetto con Induno ITA"]
[Date "2011.12.29"]
[Round "5"]
[White "Lucchese, Paolo"]
[Black "Piazza, Angelo"]
[WhiteElo "1924"]
[BlackElo "1972"]
[Result "1-0"]
[PlyCount "139"]
[EventDate "2011.12.27"]

1. e4 Nf6 2. e5 Nd5 3. c4 Nb6 4. c5 Nd5 5. Bc4 e6 6. Nc3 Nxc3 7. dxc3 d5 8.
cxd6 cxd6 9. exd6 Bxd6 10. Nf3 Qc7 11. Qe2 Nc6 12. O-O O-O 13. Re1 Bd7 14. Be3
Ne7 15. h3 Nf5 16. Bd4 Nxd4 17. Nxd4 Bc5 18. Rad1 a6 19. Bb3 Rfe8 20. Qh5 g6
21. Qh6 Be7 22. Nf3 Bf6 23. Ng5 Bxg5 24. Qxg5 Kg7 25. Qd2 Bc6 26. Qd4+ e5 27.
Qd6 Qxd6 28. Rxd6 Re7 29. Bd5 Bxd5 30. Rxd5 Rae8 31. Red1 f5 32. Rd8 Rxd8 33.
Rxd8 Kf6 34. Kf1 e4 35. Ke2 Ke6 36. h4 f4 37. Rf8 Ke5 38. Kd2 Rd7+ 39. Ke2 Re7
40. Kd2 Rd7+ 41. Ke2 b6 42. Ke1 Rd6 43. Ke2 Re6 44. Rh8 h5 45. Rf8 Rf6 46. Rxf6
Kxf6 47. g3 g5 48. hxg5+ Kxg5 49. c4 a5 50. b3 fxg3 51. fxg3 Kg4 52. a3 Kxg3
53. b4 axb4 54. axb4 h4 55. c5 bxc5 56. b5 h3 57. b6 h2 58. b7 h1=Q 59. b8=Q+
Kg4 60. Qg8+ Kf5 61. Qd5+ Kf4 62. Qd6+ Kg4 63. Qg6+ Kf4 64. Qf6+ Kg3 65. Qg5+
Kh2 66. Qh4+ Kg2 67. Qxe4+ Kh2 68. Qh4+ Kg2 69. Qg4+ Kh2 70. Kf2 1-0

[Event "XXII Weekend A"]
[Site "Robecchetto con Induno ITA"]
[Date "2011.12.29"]
[Round "5"]
[White "Morandi, Daniele"]
[Black "Razzano, Lorenzo"]
[WhiteElo "1939"]
[BlackElo "1964"]
[Result "0-1"]
[PlyCount "88"]
[EventDate "2011.12.27"]

1. e4 g6 2. d4 Bg7 3. c4 c5 4. d5 d6 5. Nc3 e5 6. Be3 Ne7 7. Bd3 Na6 8. Qd2 O-O
9. f3 f5 10. Bh6 f4 11. Bxg7 Kxg7 12. g4 h6 13. h4 Nc7 14. O-O-O Bd7 15. h5 g5
16. Nge2 a6 17. Kb1 b5 18. Nc1 bxc4 19. Bxc4 Qb8 20. Bb3 Nb5 21. N1e2 Nc8 22.
Ba4 Nb6 23. Bxb5 axb5 24. Rc1 b4 25. Nd1 Qa7 26. b3 Bb5 27. Rc2 Qa3 28. Nc1 Rf7
29. Qf2 Qa6 30. Nb2 Rfa7 31. Rh2 c4 32. Nxc4 Bxc4 33. bxc4 Nxc4 34. Ka1 Qb5 35.
Nb3 Ne3 36. Rb2 Qc4 37. Qe2 Qc3 38. Kb1 Nc4 39. Rc2 Na3+ 40. Kc1 Nxc2 41. Qxc2
Rxa2 42. Qxc3 bxc3 43. Rxa2 Rxa2 44. Kd1 Rf2 0-1

[Event "XXII Weekend A"]
[Site "Robecchetto con Induno ITA"]
[Date "2011.12.29"]
[Round "5"]
[White "Rambaldi, Francesco"]
[Black "Angelini, Marco"]
[WhiteElo "2211"]
[BlackElo "2173"]
[Result "1-0"]
[PlyCount "145"]
[EventDate "2011.12.27"]

1. d4 d5 2. c4 e6 3. Nc3 Nf6 4. Bg5 Be7 5. cxd5 exd5 6. e3 h6 7. Bf4 c6 8. Bd3
O-O 9. h3 Nbd7 10. Nf3 b6 11. O-O Bb7 12. Rc1 Re8 13. Qc2 a6 14. Rfd1 c5 15.
dxc5 bxc5 16. Bf1 Qa5 17. Ne5 Nf8 18. Bh2 Ne6 19. Qb3 Ra7 20. Qa4 Qxa4 21. Nxa4
Raa8 22. Be2 d4 23. exd4 cxd4 24. Bf3 Bxf3 25. Nxf3 Red8 26. Be5 Ra7 27. Nb6
Rb7 28. Rc6 Nd5 29. Nxd5 Rxd5 30. b3 a5 31. Rc4 Rb4 32. Rc8+ Kh7 33. Bg3 Bf6
34. Ne1 Nc5 35. Bd6 Rxd6 36. Rxc5 Ra6 37. Rc7 a4 38. Nd3 Rb8 39. Nc5 Rd6 40.
Nxa4 Re8 41. Nc5 Re2 42. a4 Rc2 43. Ne4 Rxc7 44. Nxd6 Rc3 45. Ne4 Rxb3 46.
Nxf6+ gxf6 47. Rxd4 Ra3 48. g3 Kg6 49. Rf4 f5 50. h4 Ra1+ 51. Kg2 Ra3 52. Kf1
Rd3 53. Ke2 Rd5 54. Ke3 Kg7 55. Rd4 Rc5 56. Rf4 Rd5 57. Ke2 Kg6 58. Rb4 Re5+
59. Kd3 Rc5 60. Rc4 Re5 61. Kc3 Re1 62. Rf4 Rc1+ 63. Kb4 Rb1+ 64. Kc5 Rb2 65.
a5 Ra2 66. Kb6 Rb2+ 67. Kc5 Ra2 68. Kb5 Rb2+ 69. Ka4 Ra2+ 70. Kb4 Ra1 71. Kb5
Ra2 72. a6 Rb2+ 73. Rb4 1-0

[Event "XXII Weekend A"]
[Site "Robecchetto con Induno ITA"]
[Date "2011.12.29"]
[Round "5"]
[White "Ranfagni, Stefano"]
[Black "Raselli, Claudio"]
[WhiteElo "1998"]
[BlackElo "1895"]
[Result "1/2-1/2"]
[PlyCount "69"]
[EventDate "2011.12.27"]

1. e4 e5 2. Nf3 Nc6 3. Bb5 Nf6 4. Qe2 Bc5 5. c3 O-O 6. O-O d6 7. h3 h6 8. Rd1
Re8 9. d3 a6 10. Ba4 b5 11. Bc2 Bb6 12. Nbd2 d5 13. Nf1 Qd6 14. Ng3 Ne7 15. a4
Bb7 16. Be3 Bxe3 17. Qxe3 c5 18. Qe1 Bc6 19. axb5 axb5 20. Rxa8 Bxa8 21. exd5
Nexd5 22. Ne4 Qc6 23. c4 bxc4 24. dxc4 Nb4 25. Nxf6+ Qxf6 26. Be4 Bxe4 27. Qxe4
Qe6 28. b3 f5 29. Qe3 e4 30. Ne1 Qe5 31. g3 g5 32. Ng2 Nc2 33. Qd2 Nd4 34. Qe3
Nc2 35. Qd2 1/2-1/2

[Event "XXII Weekend A"]
[Site "Robecchetto con Induno ITA"]
[Date "2011.12.29"]
[Round "5"]
[White "Sibille, Ettore"]
[Black "Bianchi, Alberto"]
[WhiteElo "2042"]
[BlackElo "2017"]
[Result "0-1"]
[PlyCount "40"]
[EventDate "2011.12.27"]

1. e4 e5 2. Nf3 Nc6 3. d4 exd4 4. Bc4 Be7 5. Nxd4 Ne5 6. Be2 d6 7. f4 Ng6 8.
O-O Nf6 9. Nc3 O-O 10. Kh1 Re8 11. Qd3 Bf8 12. Bd2 c5 13. Nb3 Nxe4 14. Nxe4 Bf5
15. Bf3 d5 16. Qb5 dxe4 17. Be2 e3 18. Bc3 Qc7 19. Qc4 a6 20. a4 Be6 0-1

[Event "XXII Weekend A"]
[Site "Robecchetto con Induno ITA"]
[Date "2011.12.29"]
[Round "5"]
[White "Vogel, Joerg"]
[Black "Moroni, Luca jr"]
[WhiteElo "2047"]
[BlackElo "2030"]
[Result "1/2-1/2"]
[PlyCount "77"]
[EventDate "2011.12.27"]

1. d4 d5 2. c4 e6 3. Nc3 c6 4. e3 Nf6 5. Nf3 Nbd7 6. Bd3 a6 7. O-O dxc4 8. Bxc4
b5 9. Bd3 c5 10. dxc5 Nxc5 11. Be2 Bb7 12. b3 Be7 13. Bb2 O-O 14. b4 Ncd7 15.
Qb3 Nd5 16. a3 Nxc3 17. Bxc3 Bd5 18. Qb2 Bf6 19. Rac1 Nb6 20. Bxf6 Qxf6 21. Nd4
Rac8 22. Rxc8 Rxc8 23. Rc1 Qd8 24. f3 Rxc1+ 25. Qxc1 e5 26. Nc2 Bc4 27. Kf1
Bxe2+ 28. Kxe2 Nc4 29. Qd1 Qxd1+ 30. Kxd1 f5 31. Ke2 Kf7 32. e4 f4 33. Kd3 h5
34. Ke2 g5 35. Kd3 g4 36. Ke2 Kg6 37. Kf2 Kg5 38. Kg1 Kh4 39. Kh1 1/2-1/2

[Event "XXII Weekend A"]
[Site "Robecchetto con Induno ITA"]
[Date "2011.12.30"]
[Round "6"]
[White "Angelini, Marco"]
[Black "Grattarola, Fabio"]
[WhiteElo "2173"]
[BlackElo "2037"]
[Result "1-0"]
[PlyCount "59"]
[EventDate "2011.12.27"]

1. e4 d5 2. exd5 Qxd5 3. Nc3 Qa5 4. d4 c6 5. Bd2 Bf5 6. Bc4 e6 7. Nf3 Nd7 8.
Qe2 Ngf6 9. O-O-O Qc7 10. Ne5 Nxe5 11. dxe5 Nd7 12. g4 Bg6 13. f4 O-O-O 14.
Rhf1 h5 15. f5 exf5 16. gxf5 Bh7 17. Bxf7 Qxe5 18. Qxe5 Nxe5 19. Be6+ Kc7 20.
Bf4 Rxd1+ 21. Rxd1 Bd6 22. Rxd6 Kxd6 23. Ne4+ Ke7 24. Bxe5 Re8 25. Bxg7 Bg8 26.
Bf6+ Kf8 27. Ng5 Ra8 28. Kd2 a5 29. Bxg8 Kxg8 30. Be7 1-0

[Event "XXII Weekend A"]
[Site "Robecchetto con Induno ITA"]
[Date "2011.12.30"]
[Round "6"]
[White "Bargeri, Ludovico"]
[Black "Cocconcelli, Lorenzo"]
[WhiteElo "1909"]
[BlackElo "1900"]
[Result "1-0"]
[PlyCount "63"]
[EventDate "2011.12.27"]

1. d4 d5 2. c4 c6 3. Nf3 Nf6 4. e3 e6 5. b3 Bb4+ 6. Nbd2 Ne4 7. Bb2 Nd7 8. Bd3
Ndf6 9. O-O Qa5 10. Nb1 Bd6 11. Ne5 Qc7 12. Nd2 Nxd2 13. Qxd2 Nd7 14. f4 f5 15.
cxd5 cxd5 16. Rac1 Qb6 17. g4 Nf6 18. Qc2 O-O 19. gxf5 exf5 20. Bxf5 Bxf5 21.
Qxf5 Rae8 22. Qd3 Qd8 23. Qe2 Ne4 24. Rc2 Re6 25. Qe1 Bxe5 26. dxe5 Rh6 27. Rg2
Rf7 28. f5 Ng5 29. e6 Rc7 30. Qg3 Rh5 31. h4 Rxh4 32. Qxg5 1-0

[Event "XXII Weekend A"]
[Site "Robecchetto con Induno ITA"]
[Date "2011.12.30"]
[Round "6"]
[White "Boschetti, Claudio"]
[Black "Vogel, Joerg"]
[WhiteElo "2110"]
[BlackElo "2047"]
[Result "1-0"]
[PlyCount "39"]
[EventDate "2011.12.27"]

1. e4 c5 2. c3 d5 3. exd5 Qxd5 4. d4 Nf6 5. Nf3 Bg4 6. Be2 e6 7. h3 Bh5 8. O-O
Nc6 9. Be3 cxd4 10. cxd4 Be7 11. Nc3 Qd7 12. g4 Bg6 13. Ne5 Qc7 14. Bf4 Qb6 15.
Nb5 Nd5 16. Nc4 Qd8 17. Nbd6+ Kf8 18. Bg3 Na5 19. Nxa5 Bxd6 20. Nxb7 1-0

[Event "XXII Weekend A"]
[Site "Robecchetto con Induno ITA"]
[Date "2011.12.30"]
[Round "6"]
[White "Coppola, Federico"]
[Black "Corti, Corrado"]
[WhiteElo "1858"]
[BlackElo "2002"]
[Result "1-0"]
[PlyCount "99"]
[EventDate "2011.12.27"]

1. e4 e5 2. Nf3 d6 3. d4 exd4 4. Nxd4 Nf6 5. Nc3 c6 6. a4 Be7 7. Bc4 O-O 8. O-O
Nbd7 9. Be3 Ne5 10. Bb3 Nfg4 11. Bc1 Ng6 12. h3 Nf6 13. Be3 Qc7 14. Qe2 b6 15.
Rfd1 Re8 16. Rd2 Bb7 17. Nf5 Bf8 18. Rad1 Rad8 19. Bg5 d5 20. Nh6+ gxh6 21.
Bxf6 Rd6 22. Qf3 Rde6 23. g3 Qd6 24. Bd4 Ne5 25. Bxe5 Qxe5 26. exd5 Rf6 27. Qe2
Qxe2 28. Rxe2 Rxe2 29. Nxe2 Bc5 30. Nf4 Rd6 31. c4 cxd5 32. cxd5 Rf6 33. Re1
Kf8 34. Kg2 Rf5 35. Re4 Bd6 36. Rd4 Ke7 37. Kf3 Kf6 38. g4 Re5 39. Re4 Rxe4 40.
Kxe4 Kg5 41. Ng2 Kf6 42. f4 Bc8 43. Ne3 Bb8 44. Nc4 Bb7 45. Ne5 Ke7 46. Bc4 f6
47. Nf3 Bc8 48. Nd4 Bd6 49. Nc6+ Kf8 50. Nxa7 1-0